000
00289nam a2200109Ia 4500
001
588897
005
20250717120839.0
008
250717s9999 xx 000 0 und d
245
0
_a
Y-7 BÜTÜN DÜNYA HEKİMİ İBNİ SİNA
_c
SÜHEYLA SANCAR
260
_b
ERDEM YAYINLARI
_c
2020
300
_b
81
999
_c
588897
_d
588897